[Event "Kort Paaske 1-3"]
[Site "Svendborg"]
[Date "2019.04.15"]
[Round "4"]
[White "Nielsen, Pia"]
[Black "Knudsen, Tage"]
[Result "1/2-1/2"]
[WhiteElo "1327"]
[BlackElo "1558"]
[PlyCount "118"]
[EventDate "2019.04.13"]
[EventRounds "5"]
[EventCountry "DEN"]

1. Nf3 Nc6 2. c4 e5 3. Nc3 Bc5 4. Ne4 Be7 5. d3 f5 6. Neg5 h6 7. Nh3 g5 8. Nd2
g4 9. e3 Nf6 10. Ng1 d6 11. g3 d5 12. Bg2 e4 13. d4 Bd7 14. c5 b6 15. Nb3 Nb4
16. Bf1 Ba4 17. Qd2 Nc6 18. Ne2 Bxb3 19. axb3 bxc5 20. Nf4 cxd4 21. Qc2 Bb4+
22. Bd2 Bxd2+ 23. Qxd2 dxe3 24. fxe3 Qd6 25. Bb5 O-O 26. Bxc6 Qxc6 27. O-O Kh7
28. Rac1 Qd6 29. Rxc7+ Qxc7 30. Ne6 Qe5 31. Nxf8+ Rxf8 32. Ra1 Qc7 33. Qb4 Rf7
34. Qd4 Qb6 35. Qxb6 axb6 36. Ra8 Rb7 37. Rc8 h5 38. b4 Kg7 39. Kf2 Rd7 40. Ke2
Rd6 41. b5 Kf7 42. b4 Ke6 43. Kd2 Kd7 44. Rh8 d4 45. exd4 Rxd4+ 46. Kc3 Rd6 47.
Ra8 e3 48. Ra1 Ne4+ 49. Kc4 Nd2+ 50. Kc3 Nf3 51. Ra7+ Ke6 52. Ra2 Rd2 53. Ra8
Kd7 54. Ra7+ Kd6 55. Ra8 e2 56. Re8 Rd3+ 57. Kc4 e1=Q 58. Rxe1 Nxe1 59. h4 gxh3
1/2-1/2

[Event "Kort Paaske 1-3"]
[Site "Svendborg"]
[Date "2019.04.15"]
[Round "4"]
[White "Nielsen, Laurits"]
[Black "Radovic, Slobodan"]
[Result "0-1"]
[WhiteElo "1235"]
[BlackElo "1552"]
[PlyCount "68"]
[EventDate "2019.04.13"]
[EventRounds "5"]
[EventCountry "DEN"]

1. d4 Nf6 2. c4 e6 3. Nc3 d5 4. cxd5 exd5 5. Bg5 Be7 6. e3 O-O 7. Bd3 h6 8. Bf4
c6 9. h3 Bd6 10. Bxd6 Qxd6 11. Nf3 Re8 12. O-O Nbd7 13. Qc2 Nf8 14. Rfb1 Be6
15. a4 Qd7 16. Ne5 Qc8 17. b4 Bxh3 18. gxh3 Qxh3 19. Bf5 Qh5 20. Ne2 Rxe5 21.
dxe5 Ng4 22. Bxg4 Qxg4+ 23. Kf1 Ng6 24. Qb2 Re8 25. b5 c5 26. Rc1 b6 27. a5
Rxe5 28. Nf4 Nxf4 29. exf4 Qh3+ 30. Kg1 Rh5 31. f3 Qh1+ 32. Kf2 Qh2+ 33. Ke1
Qxb2 34. Rcb1 Rh1# 0-1

[Event "Kort Paaske 1-3"]
[Site "Svendborg"]
[Date "2019.04.15"]
[Round "4"]
[White "Dam, Lis K"]
[Black "Zander, Emil"]
[Result "0-1"]
[WhiteElo "1209"]
[BlackElo "1422"]
[PlyCount "54"]
[EventDate "2019.04.13"]
[EventRounds "5"]
[EventCountry "DEN"]

1. e4 c6 2. Nf3 d5 3. exd5 cxd5 4. Bb5+ Bd7 5. Bxd7+ Nxd7 6. d4 Ngf6 7. Nc3 e6
8. Bg5 Qb6 9. Qc1 Bb4 10. O-O Rc8 11. Bxf6 Nxf6 12. Ne2 O-O 13. c3 Ne4 14. cxb4
Rxc1 15. Rfxc1 Qxb4 16. Rc7 Qxb2 17. Re1 Qxa2 18. Rxb7 a5 19. Rbb1 h6 20. Ra1
Qb2 21. Rxa5 Nd2 22. Nxd2 Qxd2 23. Raa1 f5 24. Nf4 Qxf4 25. Rxe6 Qxd4 26. Rae1
f4 27. Rg6 f3 0-1

[Event "Kort Paaske 1-3"]
[Site "Svendborg"]
[Date "2019.04.15"]
[Round "5"]
[White "Rasmussen, Erik Elmer"]
[Black "Knudsen, Philip Uhre"]
[Result "1/2-1/2"]
[WhiteElo "1530"]
[BlackElo "1414"]
[PlyCount "67"]
[EventDate "2019.04.13"]
[EventRounds "5"]
[EventCountry "DEN"]

1. c4 c5 2. Nc3 Nf6 3. g3 g6 4. Bg2 Bg7 5. e4 d6 6. Nge2 e5 7. d3 O-O 8. O-O
Nc6 9. f4 exf4 10. Bxf4 Nh5 11. Be3 f5 12. Nf4 Nxf4 13. Bxf4 Bd4+ 14. Kh1 Qf6
15. Nd5 Qd8 16. Qd2 Be6 17. exf5 Bxf5 18. Rae1 Ne5 19. Bg5 Qb8 20. Ne7+ Kh8 21.
Nxf5 gxf5 22. Bh6 Re8 23. Be3 Bxe3 24. Rxe3 Qc8 25. d4 Nxc4 26. Rxe8+ Qxe8 27.
Qc3 Qb5 28. dxc5+ Ne5 29. cxd6 Rd8 30. Rd1 h6 31. h3 Kh7 32. Kh2 Qe2 33. Qc7+
Rd7 34. Qc1 1/2-1/2

[Event "Kort Paaske 1-3"]
[Site "Svendborg"]
[Date "2019.04.15"]
[Round "5"]
[White "Sorensen, Bernhard W"]
[Black "Nielsen, Pia"]
[Result "1/2-1/2"]
[WhiteElo "1551"]
[BlackElo "1327"]
[PlyCount "38"]
[EventDate "2019.04.13"]
[EventRounds "5"]
[EventCountry "DEN"]

1. d4 Nf6 2. Bf4 d6 3. e3 Bf5 4. Bd3 Bxd3 5. Qxd3 Nc6 6. Qb5 Rb8 7. Qe2 g6 8.
c4 Qd7 9. Nc3 Bg7 10. Nf3 h6 11. h3 g5 12. Bh2 Qf5 13. a3 a6 14. b4 O-O 15. d5
Na7 16. e4 Nxe4 17. Nxe4 Bxa1 18. O-O Bg7 19. Ng3 Qd7 1/2-1/2

[Event "Kort Paaske 1-3"]
[Site "Svendborg"]
[Date "2019.04.15"]
[Round "5"]
[White "Thygesen, Jesper Hoyerup"]
[Black "Langer, Peter"]
[Result "1-0"]
[WhiteElo "1632"]
[BlackElo "1565"]
[PlyCount "95"]
[EventDate "2019.04.13"]
[EventRounds "5"]
[EventCountry "DEN"]

1. d4 Nf6 2. c4 e6 3. Nf3 b6 4. Bg5 Be7 5. e3 Bb7 6. Be2 O-O 7. O-O c5 8. Nc3
d6 9. Qc2 h6 10. Bh4 Nbd7 11. h3 Rc8 12. b3 Re8 13. Rfd1 d5 14. dxc5 bxc5 15.
cxd5 Nxd5 16. Bxe7 Qxe7 17. Rac1 Nb4 18. Qb1 Nf6 19. a3 Nbd5 20. Qb2 Red8 21.
Ne5 Nd7 22. Nc4 Qg5 23. Ne4 Qg6 24. Ncd6 Nxe3 25. Bf3 Nxd1 26. Rxd1 Rb8 27.
Nxb7 Rxb7 28. Nf6+ Qxf6 29. Qxf6 gxf6 30. Bxb7 Rb8 31. Rxd7 Kf8 32. Rc7 Kg7 33.
Bc8 Rb6 34. b4 cxb4 35. axb4 Rxb4 36. Bxe6 Rb1+ 37. Kh2 Rb2 38. Rxf7+ Kg6 39.
Kg3 a5 40. Ra7 Rb5 41. Bd7 Rg5+ 42. Kh2 Re5 43. Ba4 f5 44. g3 Re2 45. Kg2 Ra2
46. Ra6+ Kg5 47. h4+ Kh5 48. Bd1+ 1-0

[Event "Kort Paaske 1-3"]
[Site "Svendborg"]
[Date "2019.04.15"]
[Round "5"]
[White "Knudsen, Tage"]
[Black "Saliev, Ramadan"]
[Result "1-0"]
[WhiteElo "1558"]
[BlackElo "1431"]
[PlyCount "151"]
[EventDate "2019.04.13"]
[EventRounds "5"]
[EventCountry "DEN"]

1. d4 Nf6 2. c4 e5 3. d5 Bc5 4. e3 d6 5. h3 Bf5 6. Nc3 a6 7. Bd3 e4 8. Bc2 O-O
9. Nge2 Re8 10. Ng3 Bg6 11. O-O Nbd7 12. a3 Ba7 13. b4 b6 14. Bb2 Rc8 15. Ba4
Re7 16. Bc6 Ne5 17. Bb7 Rb8 18. Bxa6 Nd3 19. Qe2 Nxb2 20. Qxb2 Re5 21. Nb5 Rg5
22. Nxa7 Qf8 23. Nc6 Ra8 24. Bb7 Re8 25. Qe2 h5 26. Qd2 h4 27. Ne2 Bf5 28. Kh2
Bd7 29. Ned4 g6 30. Nb5 Bxc6 31. Bxc6 Ree5 32. Nxc7 Nh5 33. Nb5 Qe7 34. Rg1 f5
35. Nd4 Ng7 36. f4 exf3 37. Nxf3 Rxe3 38. Nxg5 Qxg5 39. Qf2 Qe7 40. Rae1 Qe5+
41. Kh1 f4 42. Rxe3 fxe3 43. Qxh4 Nf5 44. Qd8+ Kg7 45. Qd7+ Kh6 46. Re1 Ng3+
47. Kg1 Qf4 48. Rxe3 Qxe3+ 49. Kh2 Nf1+ 50. Kh1 Ng3+ 51. Kh2 Ne2 52. h4 Qg3+
53. Kh1 Qxh4+ 54. Qh3 Ng3+ 55. Kg1 Ne2+ 56. Kf1 Qxh3 57. gxh3 Nf4 58. Bd7 Nd3
59. Ke2 Ne5 60. Bb5 Kg5 61. Ke3 Kh4 62. Ke4 Kxh3 63. c5 bxc5 64. bxc5 Ng4 65.
Bd7 dxc5 66. Kf4 Kh4 67. Bxg4 g5+ 68. Kf5 c4 69. d6 c3 70. Bd1 g4 71. d7 g3 72.
d8=Q+ Kh3 73. Qd3 Kh2 74. Qxg3+ Kxg3 75. Ke4 Kh4 76. a4 1-0

[Event "Kort Paaske 1-3"]
[Site "Svendborg"]
[Date "2019.04.15"]
[Round "5"]
[White "Radovic, Slobodan"]
[Black "Moller, Andre Friis"]
[Result "0-1"]
[WhiteElo "1552"]
[BlackElo "1474"]
[PlyCount "54"]
[EventDate "2019.04.13"]
[EventRounds "5"]
[EventCountry "DEN"]

1. Nf3 Nf6 2. c4 g6 3. g3 Bg7 4. Bg2 c6 5. Nc3 O-O 6. O-O d5 7. cxd5 Nxd5 8. d4
Re8 9. e4 Nxc3 10. bxc3 Bg4 11. Be3 Nd7 12. Qd2 Nf6 13. Ne5 Be6 14. Nxc6 bxc6
15. e5 Nd5 16. c4 Nxe3 17. Qxe3 Bxc4 18. Rfc1 Bd5 19. Rc5 Bxg2 20. Kxg2 Qd7 21.
Rac1 Red8 22. R1c4 Rac8 23. Ra4 e6 24. Rca5 Rc7 25. Qa3 Bf8 26. Qe3 c5 27. Rc4
Qd5+ 0-1

[Event "Kort Paaske 1-3"]
[Site "Svendborg"]
[Date "2019.04.15"]
[Round "5"]
[White "Henriksen, Ole"]
[Black "Reyzvikh, Artem"]
[Result "0-1"]
[WhiteElo "1559"]
[BlackElo "1534"]
[PlyCount "68"]
[EventDate "2019.04.13"]
[EventRounds "5"]
[EventCountry "DEN"]

1. d4 f5 2. c4 e6 3. Nf3 Nf6 4. a3 b6 5. e3 Bb7 6. Be2 Bd6 7. Nc3 O-O 8. b4 a6
9. Qb3 Ne4 10. Bb2 Ng5 11. O-O-O Qf6 12. c5 Be7 13. h4 Ne4 14. Nxe4 Bxe4 15. d5
Qh6 16. dxe6 dxe6 17. Bc4 Bf6 18. Bxe6+ Kh8 19. Bxf6 Qxf6 20. Nd4 Nc6 21. f3
Nxd4 22. exd4 Rfe8 23. fxe4 Rxe6 24. e5 Qh6+ 25. Kb1 bxc5 26. dxc5 Rxe5 27. Qd3
g6 28. Qd4 Qg7 29. Qd7 Re3 30. Qxg7+ Kxg7 31. Rd7+ Kh6 32. Rxc7 Rxa3 33. Kb2
Re3 34. Rg1 Rb8 0-1

[Event "Kort Paaske 1-3"]
[Site "Svendborg"]
[Date "2019.04.15"]
[Round "5"]
[White "Zander, Emil"]
[Black "Nielsen, Laurits"]
[Result "1-0"]
[WhiteElo "1422"]
[BlackElo "1235"]
[PlyCount "57"]
[EventDate "2019.04.13"]
[EventRounds "5"]
[EventCountry "DEN"]

1. d4 d5 2. c4 Nf6 3. cxd5 Qxd5 4. Nc3 Qd6 5. e4 e5 6. d5 Qb6 7. Nf3 Bg4 8. h3
Bxf3 9. Qxf3 Bc5 10. Bd3 Na6 11. O-O O-O-O 12. Na4 Qa5 13. Nxc5 Nxc5 14. a3 Nb3
15. Rb1 h5 16. Bc4 Nd2 17. Bxd2 Qxd2 18. b4 g5 19. Qxf6 Qf4 20. Qxf4 exf4 21.
f3 Rhg8 22. d6 Rxd6 23. Bxf7 Rgd8 24. Bxh5 Rd3 25. a4 Ra3 26. a5 Rd2 27. Rfd1
Re2 28. Bg4+ Kb8 29. Rd8# 1-0

[Event "Kort Paaske 1-3"]
[Site "Svendborg"]
[Date "2019.04.15"]
[Round "5"]
[White "Dam, Lis K"]
[Black "Andries, Alf"]
[Result "0-1"]
[WhiteElo "1209"]
[BlackElo "1563"]
[PlyCount "54"]
[EventDate "2019.04.13"]
[EventRounds "5"]
[EventCountry "DEN"]

1. c4 e5 2. Nc3 Nf6 3. e4 Bc5 4. h3 Nc6 5. Be2 d6 6. Nf3 Bb4 7. O-O Bxc3 8.
bxc3 Nxe4 9. d3 Nxc3 10. Qc2 Nxe2+ 11. Qxe2 O-O 12. a3 h6 13. Nh2 Nd4 14. Qh5
Kh7 15. Qd1 Qf6 16. Be3 Nf5 17. Ng4 Qg6 18. Bc1 h5 19. Nh2 Nd4 20. g4 hxg4 21.
Nxg4 f5 22. f3 fxg4 23. fxg4 Bd7 24. Ra2 Bc6 25. h4 Nf3+ 26. Kf2 Nd2+ 27. Kg1
Rxf1+ 0-1